| 000 | 00682nam a22002297a 4500 | ||
|---|---|---|---|
| 003 | OSt | ||
| 005 | 20240624105124.0 | ||
| 008 | 240624b |||||||| |||| 00| 0 eng d | ||
| 020 | _a 0669031135 | ||
| 040 | _cMUST | ||
| 082 | _a530 HAB 1981 | ||
| 100 |
_aHaber-Schaim, Uri _917645 |
||
| 245 |
_aPSSC Physics / _cUri Haber-Schaim, John H. Dodger, James A. Walter |
||
| 250 | _a5th.ed. | ||
| 260 |
_aMassachusetts _bD. C. Heath and Company _c1981 |
||
| 300 |
_avii,583p.: _bcol.ill.; _c30 cm. |
||
| 504 | _aIncludes bibliographical references and index | ||
| 650 |
_aPhysics _9809 |
||
| 700 |
_aDodger, John H. _917646 |
||
| 700 |
_aWalter, James A. _917647 |
||
| 942 |
_2ddc _cO_SHELF |
||
| 999 |
_c8729 _d8729 |
||